000 00510nam a2200181Ia 4500
003 GCL
008 140319s9999 xx 000 0 ara d
040 _aGCL /
_cGCL
082 0 4 _aط
_b813.087
_bر م
100 1 _aراجى عنايت
245 1 0 _aمحاكمة دمنة /
_cراجى عنايت
300 _a28 ص
490 _aالهيئة العامة للاستعلامات
_v0
650 0 4 _aالقصص القصيرة
650 0 4 _aالاطفال
650 0 4 _aقصص الاطفال
942 _2ddc
_cBK
999 _c51410
_d51410